Leisure (Record no. 100466)

MARC details
000 -LEADER
fixed length control field 00889cam a2200217 4500
001 - CONTROL NUMBER
control field ABS62230
008 - FIXED-LENGTH DATA ELEMENTS--GENERAL INFORMATION
fixed length control field 000000n2000 000 0 eng u
035 ## - SYSTEM CONTROL NUMBER
System control number (Sirsi) u105734
245 ## - TITLE STATEMENT
Title Leisure
260 ## - PUBLICATION, DISTRIBUTION, ETC.
Date of publication, distribution, etc. 2000
490 ## - SERIES STATEMENT
Series statement Property Week
Volume/sequential designation Leisure Supplement April 2000 (LOAN)
520 ## - SUMMARY, ETC.
Summary, etc. The Millennium Dome, investment in the leisure industry, competition between leading hotel agents Knight Frank, Jones Lang LaSalle and Insignia Richard Ellis, a review of the Scottish leisure market, a three year forecast of the leisure market are discussed. Outlines details of the Leisure Property Forum/Property Week Leisure Property Awards 2000.
590 ## - LOCAL NOTE (RLIN)
Local note ABS
650 ## - SUBJECT ADDED ENTRY--TOPICAL TERM
Topical term or geographic name entry element LEISURE MARKET
650 ## - SUBJECT ADDED ENTRY--TOPICAL TERM
Topical term or geographic name entry element SCOTLAND
650 ## - SUBJECT ADDED ENTRY--TOPICAL TERM
Topical term or geographic name entry element LEISURE INVESTMENT
650 ## - SUBJECT ADDED ENTRY--TOPICAL TERM
Topical term or geographic name entry element LEISURE PROPERTY AWARDS 2000
650 ## - SUBJECT ADDED ENTRY--TOPICAL TERM
Topical term or geographic name entry element MILLENNIUM DOME
690 ## - LOCAL SUBJECT ADDED ENTRY--TOPICAL TERM (OCLC, RLIN)
Topical term or geographic name as entry element LEISURE AND RECREATION
942 ## - ADDED ENTRY ELEMENTS (KOHA)
Suppress in OPAC 0
Holdings
Withdrawn status Lost status Source of classification or shelving scheme Damaged status Not for loan Home library Current library Shelving location Date acquired Total Checkouts Full call number Barcode Date last seen Copy number Price effective from Koha item type
    Dewey Decimal Classification     London London Journal article 03/05/2000   ABS62230 30061284 06/08/2019 1 06/08/2019 Journal article
    Dewey Decimal Classification     London London Books 11/05/2000   ABS62230 30060924 06/08/2019 2 06/08/2019 Book